| 000 | 00848nac a22002291u 4500 | ||
|---|---|---|---|
| 010 | _a 2001016091 | ||
| 020 | _a0415226554 (hbk) | ||
| 020 | _a0415226562 (pbk) | ||
| 082 | 0 | 0 |
_a320.072 _bHAR |
| 090 |
_c9136 _d9136 |
||
| 100 | _aHarrison, Lisa. | ||
| 245 | 1 | 0 |
_aPolitical research : an introduction / _cLisa Harrison. |
| 260 |
_aLondon ; _aNew York : _bRoutledge,C.2001. _cC.2001. |
||
| 300 |
_axv, 181 p. ; _c25 cm. |
||
| 500 | _aDistributer: Al-Ahram. | ||
| 504 | _aIncludes bibliographical references (p. 171-177) and index. | ||
| 511 | _aCatalogued By: Mahitab. | ||
| 650 | 0 |
_aPolitical science _xResearch. |
|
| 650 | 0 |
_aPolitical science _xResearch _xMethodology. |
|
| 856 | 4 | 2 |
_3Publisher description _uhttp://www.loc.gov/catdir/enhancements/fy0650/2001016091-d.html |
| 942 |
_cBB _k320.072HAR |
||
| 999 |
_c9136 _d9136 |
||